عرض عادي
عرض مارك
- Rotman, Joseph J.,
مدخل إسم شخص
001 - رقم الضبط
- حقل الضبط: 38923
003 - معرف رقم الضبط
- حقل الضبط: OSt
005 - تاريخ ووقت أخر عملية
- حقل الضبط: 20131102084316.0
008 - عناصر بيانات ثابتة الطول
- حقل تحكم ثابت الطول: 131102|||a|||||| | ||| d
040 ## - مصدر الفهرسة
- هيئة الفهرسة الأصلية: OSt
- وكالة الكتابة: OSt
100 ## - مدخل -- أسم شخص
- إسم شخص: Rotman, Joseph J.,
- تواريخ مرتبطة بالاسم: 1934-
670 ## - بيانات المصدر موجوده
- الاستشهاد بالمصدر: Work cat.: (OSt)0: Rotman, Joseph J., 1934-, An introduction to the theory of groups /, c1995.
